| 000 | 00380nam a22001337a 4500 | ||
|---|---|---|---|
| 082 |
_a624.18341 _bPAR _cL-26, P-71 |
||
| 100 |
_aPark, R _943134 |
||
| 245 | _aReinforced concrete structures | ||
| 260 |
_aSingapore _bChong Moh Offset Printing Ltd. |
||
| 300 |
_axvii, 769 p. : _bill. : _c10 Cm |
||
| 526 |
_a0 _b0 _c0 _d624_183410000000000_PAR |
||
| 650 |
_aMCE _9379 |
||
| 942 |
_2ddc _cBK |
||
| 999 |
_c546935 _d546935 |
||